000 00409nam a2200145Ia 4500
008 230718s9999 xx 000 0 und d
041 _aEng.
082 _a551.43
_bمجا-پ
100 _aمجازی، ڈاکٹر سکیس علی
245 0 _aپاکستان دین میں مسلم سمارت
260 _aPakistan
_bراستی رنگ نیلا گند
_c2001
300 _a160
650 _aLaw
999 _c28785
_d28785